000 01031nam a22003497a 4500
001 BR6004271
003 BR-BrBNA
005 20230928095549.0
007 ta
008 230509b bl.||||| |||| 00| 0 por d
040 _aBR-BrBNA
_bpor
_cBiblioteca Nacional de Agricultura
041 _a(Por)
072 _aC20; E30
090 _ C20 BR6004271
100 1 _aRamos, J.M.A.
100 1 _aSantos, P.L. dos
100 1 _aBrandao, M.J. da S.
100 1 _aNascimento, M.
110 1 _aInstituto do Desenvolvimento Economico-Social do Para, Belem (Brasil)
245 1 _aProjeto para implantacao do sistema escola-fazenda. Centro de Treinamento Pre-Profissional Rural de Capitao Poco
260 3 _aBelem, PA (Brasil):
_c1973.
300 _a65 p.
500 _a2 maps; Scale 1:6000
650 _aEnsino Agricola
650 _aExtensao Rural
650 _aDesenvolvimento Agricola
650 _aCurso
650 _aPrograma Educacional
650 _aPara
909 _a202309
_bLucia
_c55
_dLucia Elande
942 _cBK
999 _c57316
_d57316